<?xml version="1.0" encoding="UTF-8"?>
<marc:record xmlns:marc="http://www.loc.gov/MARC21/slim">
   <marc:leader>00000nam a2200000 a 4500</marc:leader>
   <marc:datafield ind1="1" ind2=" " tag="100">
      <marc:subfield code="a">Adler-Olsen, Jussi</marc:subfield>
      <marc:subfield code="4">aut</marc:subfield>
      <marc:subfield code="e">Verfasser/-in</marc:subfield>
   </marc:datafield>
   <marc:datafield ind1="0" ind2="0" tag="245">
      <marc:subfield code="a">Erlösung</marc:subfield>
   </marc:datafield>
   <marc:datafield ind1="0" ind2="0" tag="245">
      <marc:subfield code="b">der dritte Fall für Carl Mørck, Sonderdezernat Q ; Thriller</marc:subfield>
   </marc:datafield>
   <marc:datafield ind1=" " ind2="1" tag="264">
      <marc:subfield code="b">Deutscher-Taschenbuch-Verl.</marc:subfield>
      <marc:subfield code="c">2011</marc:subfield>
   </marc:datafield>
   <marc:datafield ind1="1" ind2=" " tag="520">
      <marc:subfield code="a">Der Hilfeschrei im Inneren einer verwitterten Flaschenpost blieb jahrelang unentdeckt. Dann landet die Botschaft im Sonderdezernat Q für unaufgeklärte Fälle. Ihre mühsame Entzifferung führt Carl Mørck und seinen Assistenten Assad auf die Spur eines entsetzlichen Verbrechens: Der Hilfeschrei, mit menschlichem Blut geschrieben, ist offenbar das letzte Lebenszeichen zweier Jungen, die Jahre zuvor entführt worden waren. Doch wer sind diese Jungen? Warum haben ihre Eltern nie eine Vermisstenanzeige aufgegeben? Sind sie womöglich noch am Leben? Bald steht fest: der Täter läuft noch immer frei herum...</marc:subfield>
   </marc:datafield>
   <marc:datafield ind1=" " ind2=" " tag="020">
      <marc:subfield code="a">9783423248525</marc:subfield>
      <marc:subfield code="9">9783423248525</marc:subfield>
   </marc:datafield>
</marc:record>
